01246nam a2200193Ia 4500001001000000003001000010008004100020040002500061041001300086100003800099245011900137250001100256260008500267300002800352500026200380501011400642520026200756650003401018L235-7990IT-CnALBA170116s9999||||xx |||||||||||||| ||und|| aIT-CnALBAcIT-CnALBA aITALIANO aCARERA FRANCESCO, CANONICO, DOTT. 0aIL SORRISO DEI SECOLI. MARIA SS. RAFFIGURATA DALLE PIÙ CELEBRI DONNE CANTATA DAI PADRI DAI DOTTORI DAI POETI...  a1a ed. aMILANObDAVERIO GIOVANNI EDITORE c1937 [1° Ed.:1937 - Ed.Ling.Originale: 1937] a282 p. (prefazione: 78) aMESE DI MAGGIO CON ESEMPI. MARIA NELL'ANTICO TESTAMENTO. PREDETTA DAI PROFETI. SIMBOLI DELLA MADRE DI DIO. EVA MARIA. SARA E LA REGINA DEL CIELO. REBECCA E REGINA DI GRAZIA. RACHELE L'AMABILE. ASENETH, GIACODEBBA, MARIA SORELLA DI MOSÈ. RAHAB. AXA. DEBORA aSocietà San Paolo EM - Piazza San Paolo, 14 - 12051 ALBA (CN) (non commercial uses only) ® Copyright 2017 aMESE DI MAGGIO CON ESEMPI. MARIA NELL'ANTICO TESTAMENTO. PREDETTA DAI PROFETI. SIMBOLI DELLA MADRE DI DIO. EVA MARIA. SARA E LA REGINA DEL CIELO. REBECCA E REGINA DI GRAZIA. RACHELE L'AMABILE. ASENETH, GIACODEBBA, MARIA SORELLA DI MOSÈ. RAHAB. AXA. DEBORA aMARIA SS. ANGELI SANTI DEMONI